| 000 | 00546nam a2200169 a 4500 | ||
|---|---|---|---|
| 001 | 000036800 | ||
| 005 | 20200930075937.0 | ||
| 008 | 120201s1972 at 000 0 spa d | ||
| 040 |
_aDO-SdBNP _bspa _cBNPHU |
||
| 100 | 1 |
_aDavidson, Robert _963142 |
|
| 245 | 1 | 4 |
_aThe pelican guide to modern theology / _cRobert Davidson, A. R. C. Leaney. |
| 260 |
_aVictoria, Australia : _bPenguin Books , _c1972. |
||
| 300 |
_a392 p. : ; _c18 cm. |
||
| 490 | 1 |
_aBiblical Criticism _v3 |
|
| 700 | 1 |
_aLeaney, A. R. C. _963143 |
|
| 830 | 0 |
_aBiblical Criticism _n3 _963144 |
|
| 999 |
_c36291 _d36291 |
||